00704nam a2200229Ia 4500008004100000020001500041050001000056050001400066100004000080245005600120245010000176260001800276260001100294260000900305300001600314300002000330300001000350650001500360650003000375700005800405700001100463171120s9999 xx 000 0 und d a971271411X a709.2 bC968 2003 aCultural Center of the Philippines. 4aThe National artists of the Philippines 1999-2003 / cby Cultural Center of the Philippines and National Commission on Culture and the (Philippines). aPhilippines : bAnvil, c2003 a167 pages : billustrations ; c25cm. aArtists -- xPhilippines -- Biography. aNational Commission on Culture and the (Philippines). aTitle.